[Event "36. Münsterland Open"]
[Site "Münster"]
[Date "2018.10.15"]
[Round "5.10"]
[White "Torres-Kuckel, Rafael"]
[Black "Elier, Ali"]
[Result "0-1"]
[WhiteElo "2154"]
[BlackElo "1920"]
[PlyCount "48"]
[EventDate "2018.??.??"]
[WhiteTeam "Schachverein Ahlen 1954 e.V."]
[BlackTeam "Schachfreunde Brackel 1930 e.V."]

1. b3 d5 2. Bb2 Nf6 3. e3 Bf5 4. f4 e6 5. Nf3 Be7 6. g3 c5 7. Bg2 Nc6 8. O-O d4
9. exd4 cxd4 10. d3 Nd5 11. Bc1 O-O 12. Na3 Bb4 13. Nh4 Bc3 14. Rb1 Ndb4 15.
Nxf5 exf5 16. Nc4 Nxa2 17. Bxc6 bxc6 18. Bd2 Re8 19. Qf3 Bxd2 20. Nxd2 Re3 21.
Qf2 Qe7 22. Nc4 Re2 23. Qxd4 Rd8 24. Qa1 Qc5+ 0-1

[Event "36. Münsterland Open"]
[Site "Münster"]
[Date "2018.10.16"]
[Round "6.1"]
[White "Hausrath, Daniel"]
[Black "Zaitsev, Mikhail"]
[Result "1/2-1/2"]
[WhiteElo "2495"]
[BlackElo "2481"]
[PlyCount "42"]
[EventDate "2018.??.??"]
[WhiteTeam "SV Mülheim-Nord 1931 e"]
[BlackTeam "Bochumer SV 02"]

1. Nf3 d5 2. g3 Bg4 3. Bg2 Nd7 4. d4 c6 5. O-O e6 6. Nbd2 Ngf6 7. Re1 Bd6 8. e4
dxe4 9. Nxe4 Nxe4 10. Rxe4 Nf6 11. Re1 O-O 12. c3 h6 13. Qb3 Qc8 14. Ne5 Bf5
15. Bd2 Rd8 16. Rad1 Rb8 17. h3 Be7 18. Bf4 Nd5 19. Bd2 Nf6 20. Bf4 Nd5 21. Bd2
Nf6 1/2-1/2

[Event "36. Münsterland Open"]
[Site "Münster"]
[Date "2018.10.16"]
[Round "6.2"]
[White "Schulze, Ulrich"]
[Black "Gschnitzer, Adrian"]
[Result "1-0"]
[WhiteElo "2314"]
[BlackElo "2363"]
[PlyCount "61"]
[EventDate "2018.??.??"]
[WhiteTeam "Heilbronner SV"]
[BlackTeam "SV 1947 Walldorf"]

1. d4 d5 2. Nf3 Nf6 3. c4 e6 4. Nc3 Nbd7 5. cxd5 exd5 6. Bf4 c6 7. e3 Be7 8. h3
O-O 9. Bd3 Re8 10. O-O Nf8 11. Re1 Ng6 12. Bh2 Bd6 13. Bxd6 Qxd6 14. Qc2 Bd7
15. b4 Re7 16. a4 Rae8 17. b5 Ne4 18. bxc6 bxc6 19. Rab1 Qf6 20. Bxe4 dxe4 21.
Nd2 Nh4 22. Ne2 Bxh3 23. gxh3 Qf5 24. Qc5 Qxh3 25. Qg5 Ng6 26. Ng3 Re6 27. Qf5
Qh4 28. Rb7 Rf8 29. Rxf7 Rf6 30. Rxf6 Rxf6 31. Qh5 1-0

[Event "36. Münsterland Open"]
[Site "Münster"]
[Date "2018.10.16"]
[Round "6.3"]
[White "Knudsen, Simon"]
[Black "Günther, Lars"]
[Result "1-0"]
[WhiteElo "2208"]
[BlackElo "2083"]
[PlyCount "89"]
[EventDate "2018.??.??"]
[WhiteTeam "Schachfreunde Brackel 1930 e.V."]
[BlackTeam "Uedemer Schachclub 1948 e.V."]

1. e4 Nf6 2. e5 Nd5 3. d4 d6 4. c4 Nb6 5. exd6 exd6 6. Nc3 Nc6 7. Be3 Be7 8.
Qf3 Bf6 9. O-O-O O-O 10. g4 Bg5 11. h4 Bxe3+ 12. fxe3 Be6 13. b3 d5 14. c5 Nc8
15. Nh3 Qd7 16. Rg1 N8e7 17. Nf4 Rad8 18. Bd3 f5 19. g5 Nb4 20. Bb1 c6 21. a3
Na6 22. Na4 Nc7 23. Nb2 Nb5 24. a4 Nc3 25. Rd2 Nxb1 26. Kxb1 Ng6 27. Nxg6 hxg6
28. Nd3 f4 29. Nxf4 Bf5+ 30. Kb2 Rde8 31. Rh2 Qf7 32. Rg3 Re4 33. Qh1 Rxf4 34.
exf4 Be4 35. Qf1 b6 36. cxb6 axb6 37. Rc3 Qc7 38. Qc1 Rxf4 39. Rxc6 Qf7 40. h5
Rf2+ 41. Rxf2 Qxf2+ 42. Ka3 gxh5 43. g6 Bxg6 44. Rxg6 Qf8+ 45. Ka2 1-0

[Event "36. Münsterland Open"]
[Site "Münster"]
[Date "2018.10.16"]
[Round "6.4"]
[White "Schroer, Klaus"]
[Black "Ballon, Guenther Jan"]
[Result "1-0"]
[WhiteElo "2111"]
[BlackElo "2077"]
[PlyCount "65"]
[EventDate "2018.??.??"]
[WhiteTeam "Turnverein Borken 1922 e.V."]
[BlackTeam "Niederlande"]
[BlackTeamCountry "NED"]

1. Nf3 d5 2. d4 Nf6 3. e3 e6 4. Bd3 c5 5. b3 Be7 6. Bb2 Nc6 7. Nbd2 cxd4 8.
exd4 O-O 9. O-O b6 10. a3 Bb7 11. Ne5 Nxe5 12. dxe5 Nd7 13. f4 g6 14. f5 exf5
15. Bxf5 Nc5 16. Qg4 Bc8 17. e6 Bxe6 18. Bxe6 Nxe6 19. Rae1 Bc5+ 20. Kh1 Qg5
21. Qh3 Nf4 22. Qf3 Rae8 23. Rxe8 Rxe8 24. g3 Re2 25. gxf4 Qe7 26. b4 Rxd2 27.
bxc5 Rxc2 28. Be5 Rxc5 29. Bd4 Ra5 30. Rc1 Qf8 31. f5 Rxa3 32. Qxd5 Ra5 33. Qd7
1-0

[Event "36. Münsterland Open"]
[Site "Münster"]
[Date "2018.10.16"]
[Round "6.5"]
[White "Köllner, Christof"]
[Black "Althoff, Ralph"]
[Result "1/2-1/2"]
[WhiteElo "2107"]
[BlackElo "2038"]
[PlyCount "114"]
[EventDate "2018.??.??"]
[WhiteTeam "Schachverein Bergneustadt/Dersch"]
[BlackTeam "SF Brackel 1930 e.V."]

1. d4 d5 2. c4 e6 3. Nc3 Nf6 4. cxd5 exd5 5. Bg5 c6 6. e3 Be7 7. Qc2 Nbd7 8.
Bd3 h6 9. Bh4 Nh5 10. Bxe7 Qxe7 11. Nge2 Nb6 12. O-O-O Bd7 13. Kb1 O-O-O 14.
Nc1 g6 15. h3 Kb8 16. Nb3 Ng7 17. Nc5 Bf5 18. Ka1 Qg5 19. g3 Rhe8 20. b3 Bxd3
21. Nxd3 Qf5 22. Rc1 Nc8 23. Ne5 Nd6 24. Qxf5 Ngxf5 25. Kb2 Ne7 26. a4 f6 27.
Nd3 g5 28. h4 Rh8 29. Rh2 Nef5 30. hxg5 fxg5 31. Rch1 Rhf8 32. g4 Nh4 33. f4
Ne4 34. Nxe4 dxe4 35. Nc5 Rfe8 36. f5 b6 37. Ne6 Rd7 38. Rc2 Kb7 39. b4 Rg8 40.
Kb3 h5 41. Nxg5 Rxg5 42. Rxh4 hxg4 43. Rg2 c5 44. Rgxg4 Rxf5 45. Rxe4 cxb4 46.
Kxb4 Rc7 47. Rhf4 a5+ 48. Kb3 Rh5 49. Rf2 Rh1 50. Re6 Rhc1 51. d5 R7c4 52. Kb2
Rd1 53. e4 Rxa4 54. Rc2 Rb4+ 55. Ka2 Ra4+ 56. Kb2 Rb4+ 57. Ka2 Ra4+ 1/2-1/2

[Event "36. Münsterland Open"]
[Site "Münster"]
[Date "2018.10.16"]
[Round "6.6"]
[White "Elier, Ali"]
[Black "Kruse, Janik"]
[Result "1-0"]
[WhiteElo "1920"]
[BlackElo "2102"]
[PlyCount "35"]
[EventDate "2018.??.??"]
[WhiteTeam "Schachfreunde Brackel 1930 e.V."]
[BlackTeam "LSV Turm Lippstadt"]

1. e4 e5 2. Nf3 Nc6 3. Bc4 Bc5 4. b4 Bxb4 5. c3 Ba5 6. d4 exd4 7. Qb3 Qf6 8.
O-O Nge7 9. e5 Qg6 10. cxd4 Bb6 11. Ba3 d6 12. exd6 cxd6 13. d5 Na5 14. Bb5+
Kf8 15. Qd1 Bd8 16. Nc3 Nf5 17. Re1 Be7 18. Qe2 1-0

[Event "36. Münsterland Open"]
[Site "Münster"]
[Date "2018.10.16"]
[Round "6.7"]
[White "Sazanov, Nikolay E"]
[Black "Jungbluth, Michael"]
[Result "1-0"]
[WhiteElo "2269"]
[BlackElo "1955"]
[PlyCount "49"]
[EventDate "2018.??.??"]
[WhiteTeam "Schachclub Steinfurt 1996 e.V."]
[BlackTeam "Schachverein Unser Fritz Wanne-E"]

1. e3 Nf6 2. f4 g6 3. Nf3 Bg7 4. d4 d6 5. Be2 O-O 6. O-O c5 7. c3 Nbd7 8. Na3
a6 9. Qe1 b5 10. Qh4 Nb6 11. Nc2 Bf5 12. Nce1 Qd7 13. h3 h5 14. Nd3 cxd4 15.
exd4 Rfe8 16. Nf2 Ne4 17. Nxe4 Bxe4 18. Ng5 Qc6 19. Nxe4 Qxe4 20. Bf3 Bxd4+ 21.
cxd4 Qxd4+ 22. Qf2 Qxf2+ 23. Rxf2 Rac8 24. b3 Rc7 25. Be3 1-0

[Event "36. Münsterland Open"]
[Site "Münster"]
[Date "2018.10.16"]
[Round "6.8"]
[White "Holtel, Jasper"]
[Black "Kaufhold, Thomas"]
[Result "1-0"]
[WhiteElo "2210"]
[BlackElo "2075"]
[PlyCount "55"]
[EventDate "2018.??.??"]
[WhiteTeam "SK Münster 32 e.V."]
[BlackTeam "Schachklub Münster 32 e.V."]

1. e4 e6 2. d4 d5 3. Nd2 c5 4. exd5 exd5 5. Ngf3 Nf6 6. Bb5+ Bd7 7. Bxd7+ Nbxd7
8. O-O Be7 9. dxc5 Nxc5 10. Nb3 Nce4 11. Nfd4 Qd7 12. f3 Nd6 13. Nc5 Qc7 14.
Nd3 O-O 15. c3 Rfe8 16. Kh1 a6 17. Bf4 Qc8 18. Re1 Nc4 19. b3 Na5 20. Qd2 Nc6
21. Nc2 Qd7 22. Ne5 Qd8 23. Nd4 Rc8 24. Nf5 Bc5 25. Nxg7 Rxe5 26. Rxe5 Kxg7 27.
Bh6+ Kh8 28. Qg5 1-0

[Event "36. Münsterland Open"]
[Site "Münster"]
[Date "2018.10.16"]
[Round "6.9"]
[White "Haselhorst, Helmut"]
[Black "Schultze, Jörg-Martin"]
[Result "0-1"]
[WhiteElo "2162"]
[BlackElo "2010"]
[Annotator "Niermann,Rainer"]
[PlyCount "78"]
[EventDate "2018.??.??"]
[WhiteTeam "Schachclub Steinfurt 1996 e.V."]
[BlackTeam "SF Anderssen Wetzlar"]

1. d4 c6 2. e4 d5 3. exd5 cxd5 4. c4 Nf6 5. Nc3 Nc6 6. Bg5 Be6 7. Be2 g6 8. Bf3
Na5 9. Bxf6 exf6 10. cxd5 Bd7 11. Nge2 Nc4 12. O-O Bg7 13. Nf4 O-O 14. Re1 Qb6
15. b3 Nd6 16. Re7 Rfd8 17. Ne6 Nf5 18. Rxd7 Rxd7 19. Nc5 Rdd8 20. Rc1 Qb4 21.
Ne2 Nh4 22. Be4 f5 23. Rc4 Qb6 24. Na4 Qf6 25. Bd3 b5 26. Rc6 Qg5 27. g3 bxa4
28. Bc4 Nf3+ 29. Kg2 Qh5 30. h4 Qg4 31. d6 Nxh4+ 32. Kh2 Nf3+ 33. Kg2 Nxd4 34.
Rc7 Nxe2 35. Bxe2 Qd4 36. d7 Qxd1 37. Bxd1 axb3 38. Bxb3 a5 39. Bd5 Ra6 0-1

[Event "36. Münsterland Open"]
[Site "Münster"]
[Date "2018.10.16"]
[Round "6.10"]
[White "Steinle, Carsten"]
[Black "Schmidt, Alexander"]
[Result "1-0"]
[WhiteElo "2140"]
[BlackElo "2032"]
[Annotator "Niermann,Rainer"]
[PlyCount "59"]
[EventDate "2018.??.??"]
[WhiteTeam "SV Ahlen 1954 e.V."]
[BlackTeam "Schachgemeinschaft Meiderich/Ruh"]

1. d4 d5 2. Nf3 Nf6 3. Bf4 e6 4. Nc3 Bd6 5. Bg5 Be7 6. Bxf6 Bxf6 7. e4 dxe4 8.
Nxe4 Nd7 9. Bd3 O-O 10. h4 e5 11. Nfg5 h6 12. Qh5 exd4 13. f4 Qe7 14. O-O-O Nc5
15. Nxc5 Bxg5 16. hxg5 Qxc5 17. g4 Bd7 18. f5 Bb5 19. Bxb5 Qxb5 20. gxh6 g6 21.
fxg6 Qxh5 22. gxh5 Rfd8 23. Rdf1 Rd7 24. Rf6 Re7 25. Rhf1 fxg6 26. hxg6 Rae8
27. Rf7 Re1+ 28. Rxe1 Rxe1+ 29. Kd2 Rh1 30. h7+ 1-0

[Event "36. Münsterland Open"]
[Site "Münster"]
[Date "2018.10.17"]
[Round "7.1"]
[White "Elier, Ali"]
[Black "Hausrath, Daniel"]
[Result "0-1"]
[WhiteElo "1920"]
[BlackElo "2495"]
[PlyCount "120"]
[EventDate "2018.??.??"]
[WhiteTeam "Schachfreunde Brackel 1930 e.V."]
[BlackTeam "SV Mülheim-Nord 1931 e"]

1. e4 c5 2. d4 cxd4 3. c3 d3 4. Bxd3 Nc6 5. c4 g6 6. Nf3 Bg7 7. O-O d6 8. h3
Nf6 9. Nc3 O-O 10. Rb1 Nd7 11. Nd5 e6 12. Ne3 Nde5 13. b4 a5 14. Nxe5 dxe5 15.
b5 Nb4 16. Be2 Nxa2 17. Bd2 Nb4 18. Ra1 Nd3 19. Bxa5 Rxa5 20. Qxd3 Rxa1 21.
Rxa1 Qd4 22. Rd1 Re8 23. Nc2 Qxd3 24. Rxd3 Bf8 25. Kf1 b6 26. Bf3 Bc5 27. Ke2
Kf8 28. Na1 Ke7 29. Nb3 Bb4 30. Ke3 Bb7 31. Rd1 Rc8 32. Be2 Ra8 33. Ra1 Bc5+
34. Kf3 Rxa1 35. Nxa1 f5 36. Bd3 h5 37. Nb3 Kd6 38. Nd2 Bd4 39. Ke2 Kc5 40.
exf5 gxf5 41. g3 Kb4 42. f3 Bc3 43. g4 e4 44. fxe4 fxg4 45. hxg4 Bxd2 46. Kxd2
hxg4 47. Ke3 e5 48. Bf1 Bc8 49. Kf2 Be6 50. Kg3 Bxc4 51. Bxc4 Kxc4 52. Kxg4 Kd3
53. Kf5 Kd4 54. Ke6 Kxe4 55. Kd6 Kd4 56. Kc6 e4 57. Kxb6 e3 58. Ka7 e2 59. b6
e1=Q 60. b7 Qa5+ 0-1

[Event "36. Münsterland Open"]
[Site "Münster"]
[Date "2018.10.17"]
[Round "7.2"]
[White "Zaitsev, Mikhail"]
[Black "Schroer, Klaus"]
[Result "1-0"]
[WhiteElo "2481"]
[BlackElo "2111"]
[PlyCount "55"]
[EventDate "2018.??.??"]
[WhiteTeam "Bochumer SV 02"]
[BlackTeam "Turnverein Borken 1922 e.V."]

1. e4 d6 2. d4 c6 3. f4 Qc7 4. Nf3 Bg4 5. Nbd2 Nd7 6. h3 Bxf3 7. Nxf3 e5 8. Bc4
Be7 9. c3 b5 10. Bb3 Ngf6 11. O-O exd4 12. Nxd4 Nxe4 13. Nf5 Bf8 14. a4 bxa4
15. Bxa4 d5 16. Be3 g6 17. Nd4 Bc5 18. Bxc6 Rb8 19. Bxd5 Ndf6 20. Qa4+ Kf8 21.
Bxe4 Nxe4 22. f5 Rxb2 23. Ne6+ fxe6 24. fxe6+ Kg7 25. Qxe4 Rf8 26. Bd4+ Kg8 27.
Rxf8+ Kxf8 28. Qf3+ 1-0

[Event "36. Münsterland Open"]
[Site "Münster"]
[Date "2018.10.17"]
[Round "7.3"]
[White "Schulze, Ulrich"]
[Black "Knudsen, Simon"]
[Result "1/2-1/2"]
[WhiteElo "2314"]
[BlackElo "2208"]
[PlyCount "106"]
[EventDate "2018.??.??"]
[WhiteTeam "Heilbronner SV"]
[BlackTeam "Schachfreunde Brackel 1930 e.V."]

1. d4 d5 2. Nf3 e6 3. c4 c6 4. Qc2 Nf6 5. e3 Nbd7 6. Nc3 Be7 7. b3 O-O 8. Be2
b6 9. O-O Bb7 10. e4 dxe4 11. Nxe4 Nxe4 12. Qxe4 Nf6 13. Qc2 Qc7 14. c5 Rfd8
15. Bd2 Nd5 16. Rfe1 h6 17. Rac1 Bf6 18. Qe4 Ne7 19. Bf4 Qd7 20. Be5 Bxe5 21.
Qxe5 Ng6 22. Qg3 Qe7 23. Bd3 Nf8 24. Be4 bxc5 25. dxc5 Nd7 26. Qc7 Rab8 27.
Red1 Kf8 28. h3 Nf6 29. Qe5 Kg8 30. Rd4 Nxe4 31. Rxd8+ Rxd8 32. Qxe4 Rd5 33. b4
Qf6 34. Qc2 Ba6 35. a4 Bd3 36. Qc3 Qf4 37. Rd1 Be4 38. Rxd5 Bxd5 39. Qd2 Qf6
40. Qd4 Qg6 41. Qf4 a6 42. Kh2 f6 43. b5 axb5 44. axb5 cxb5 45. Qb8+ Kh7 46.
Qxb5 Qf5 47. Qb4 Bxf3 48. gxf3 Qxf3 49. Qd2 f5 50. Kg1 Qxh3 51. c6 Qg4+ 52. Kh2
Qh4+ 53. Kg1 Qg4+ 1/2-1/2

[Event "36. Münsterland Open"]
[Site "Münster"]
[Date "2018.10.17"]
[Round "7.4"]
[White "Gschnitzer, Adrian"]
[Black "Köllner, Christof"]
[Result "1-0"]
[WhiteElo "2363"]
[BlackElo "2107"]
[PlyCount "57"]
[EventDate "2018.??.??"]
[WhiteTeam "SV 1947 Walldorf"]
[BlackTeam "Schachverein Bergneustadt/Dersch"]

1. e4 c5 2. Nf3 e6 3. d4 cxd4 4. Nxd4 Nc6 5. Nc3 Qc7 6. Be3 a6 7. Bd3 b5 8. O-O
Bb7 9. Kh1 Nf6 10. Qe2 h5 11. f4 Ng4 12. Bg1 Nxd4 13. Bxd4 Bc5 14. Bxc5 Qxc5
15. e5 Ne3 16. Ne4 Bxe4 17. Bxe4 Ra7 18. Rf3 Nc4 19. a4 b4 20. b3 Na5 21. Rd1
Nc6 22. Bxc6 Qxc6 23. f5 exf5 24. Rxf5 Rc7 25. Rxh5 Rxh5 26. Qxh5 Qxc2 27. e6
Qf2 28. Qe5 d6 29. Qxd6 1-0

[Event "36. Münsterland Open"]
[Site "Münster"]
[Date "2018.10.17"]
[Round "7.5"]
[White "Gallasch, Jonas"]
[Black "Sazanov, Nikolay E"]
[Result "1-0"]
[WhiteElo "2045"]
[BlackElo "2269"]
[PlyCount "81"]
[EventDate "2018.??.??"]
[WhiteTeam "Schachgemeinschaft Porz e.V."]
[BlackTeam "Schachclub Steinfurt 1996 e.V."]

1. d4 d5 2. c4 e6 3. Nc3 f5 4. cxd5 exd5 5. Bf4 Nf6 6. e3 Bd6 7. Nh3 O-O 8. Bd3
Nc6 9. O-O Ne7 10. Qc2 c6 11. f3 h6 12. Rae1 Nh5 13. Bxd6 Qxd6 14. Nf2 b5 15.
a4 a6 16. Ne2 Bd7 17. e4 dxe4 18. fxe4 f4 19. e5 Qb4 20. Bh7+ Kh8 21. Nd3 Qxa4
22. Qxa4 bxa4 23. Be4 Nd5 24. Bxd5 cxd5 25. Nexf4 Bb5 26. Ng6+ Kg8 27. Rxf8+
Rxf8 28. Nxf8 Bxd3 29. Nd7 Nf4 30. Nc5 Bb5 31. Kf2 Kf7 32. g3 Nh3+ 33. Kg2 Ng5
34. h4 Nh7 35. Kf3 Nf8 36. Ke3 Ng6 37. Nb7 Ke6 38. Nd6 Bd7 39. Rc1 Ne7 40. Rc7
Nc6 41. Nb7 1-0

[Event "36. Münsterland Open"]
[Site "Münster"]
[Date "2018.10.17"]
[Round "7.6"]
[White "Althoff, Ralph"]
[Black "Holtel, Jasper"]
[Result "0-1"]
[WhiteElo "2038"]
[BlackElo "2210"]
[PlyCount "46"]
[EventDate "2018.??.??"]
[WhiteTeam "SF Brackel 1930 e.V."]
[BlackTeam "SK Münster 32 e.V."]

1. d4 Nf6 2. Nf3 g6 3. Nbd2 d5 4. b4 Bg7 5. e3 O-O 6. c4 c6 7. Bb2 Nfd7 8. Qb3
Nb6 9. c5 N6d7 10. g4 Re8 11. O-O-O a5 12. h4 axb4 13. e4 Nf6 14. h5 Bxg4 15.
hxg6 hxg6 16. e5 Ne4 17. Nxe4 dxe4 18. Ng5 e6 19. Nxe4 Bxd1 20. Kxd1 Qd5 21.
Qe3 Rxa2 22. Bg2 Kf8 23. Bc1 Rd8 0-1

[Event "36. Münsterland Open"]
[Site "Münster"]
[Date "2018.10.17"]
[Round "7.7"]
[White "Schultze, Jörg-Martin"]
[Black "Steinle, Carsten"]
[Result "0-1"]
[WhiteElo "2010"]
[BlackElo "2140"]
[PlyCount "50"]
[EventDate "2018.??.??"]
[WhiteTeam "SF Anderssen Wetzlar"]
[BlackTeam "SV Ahlen 1954 e.V."]

1. e4 e6 2. d3 b5 3. d4 Bb7 4. Bxb5 Bxe4 5. Nf3 Nf6 6. O-O Qc8 7. Nc3 Bb7 8.
Re1 Be7 9. Bg5 O-O 10. Qd3 d5 11. Ne5 c6 12. Ba4 c5 13. Ne2 cxd4 14. Nxd4 Qc5
15. c3 Ne4 16. Bxe7 Qxe7 17. Bc2 Nd7 18. Nxd7 Qxd7 19. Qb5 Qc7 20. Re3 g6 21.
Rd1 e5 22. Nf3 Nd6 23. Qb3 Nc4 24. Rde1 Bc6 25. Qb4 Rab8 0-1

[Event "36. Münsterland Open"]
[Site "Münster"]
[Date "2018.10.17"]
[Round "7.8"]
[White "Günther, Lars"]
[Black "Köllner, Ruben Gideon"]
[Result "1/2-1/2"]
[WhiteElo "2083"]
[BlackElo "2274"]
[PlyCount "87"]
[EventDate "2018.??.??"]
[WhiteTeam "Uedemer Schachclub 1948 e.V."]
[BlackTeam "Schachgesellschaft Bochum 1931"]

1. e4 c5 2. Nc3 e6 3. g3 d5 4. exd5 exd5 5. d3 Nf6 6. Bg2 d4 7. Ne4 Be7 8. Ne2
Nd5 9. Nf4 Nxf4 10. Bxf4 O-O 11. h4 h6 12. Qh5 f5 13. Ng5 hxg5 14. hxg5 Bxg5
15. Bxg5 Qe8+ 16. Kd2 Qxh5 17. Rxh5 Kf7 18. Rah1 Nc6 19. Bf4 Rd8 20. Bxc6 bxc6
21. Be5 Rd5 22. f4 Be6 23. Rg5 Rg8 24. Rh7 Rd7 25. Rhxg7+ Rxg7 26. Rxg7+ Ke8
27. Rxd7 Kxd7 28. a3 Bf7 29. b4 Ke6 30. bxc5 Kd5 31. Bb8 a6 32. Bd6 Bh5 33. c4+
dxc3+ 34. Kxc3 Be2 35. Kd2 Bg4 36. Kc3 Be2 37. Bf8 Bf1 38. Be7 Be2 39. d4 a5
40. Bd8 a4 41. Bf6 Ke4 42. Kb4 Bd1 43. Ka5 Bb3 44. Kb4 1/2-1/2

[Event "36. Münsterland Open"]
[Site "Münster"]
[Date "2018.10.17"]
[Round "7.9"]
[White "Jungbluth, Michael"]
[Black "Kartsev, Soel"]
[Result "0-1"]
[WhiteElo "1955"]
[BlackElo "2253"]
[PlyCount "76"]
[EventDate "2018.??.??"]
[WhiteTeam "Schachverein Unser Fritz Wanne-E"]
[BlackTeam "Schachfreunde Brackel 1930 e.V."]

1. d4 Nf6 2. c4 e6 3. g3 d5 4. Bg2 dxc4 5. Nf3 Nc6 6. O-O Rb8 7. a4 Be7 8. Na3
Na5 9. Qc2 Nb3 10. Ra2 Nxd4 11. Nxd4 Qxd4 12. Be3 Qg4 13. Bxa7 Ra8 14. Be3 Nd5
15. Nb5 c6 16. Bf3 Qg6 17. Qxc4 O-O 18. Nc3 Nxe3 19. fxe3 e5 20. Qd3 f5 21. Qc2
h5 22. Kh1 Be6 23. Raa1 Qh6 24. e4 f4 25. gxf4 Rxf4 26. e3 Rh4 27. Qe2 g5 28.
Bg2 Kh7 29. a5 g4 30. Qf2 g3 31. Qxg3 Rg8 32. Qxe5 Rxg2 33. Kxg2 Bd6 34. Qf6
Rxh2+ 35. Kg1 Qxe3+ 36. Rf2 Qg3+ 37. Kf1 Qd3+ 38. Ne2 Rh1+ 0-1

[Event "36. Münsterland Open"]
[Site "Münster"]
[Date "2018.10.17"]
[Round "7.10"]
[White "Ballon, Guenther Jan"]
[Black "Schröder, Wilfried"]
[Result "1/2-1/2"]
[WhiteElo "2051"]
[BlackElo "2211"]
[PlyCount "61"]
[EventDate "2018.??.??"]
[BlackTeam "Schachverein Wattenscheid 1930 e"]

1. d4 d5 2. Nf3 e6 3. c4 c6 4. Nbd2 f5 5. e3 Nf6 6. Bd3 Bd6 7. O-O O-O 8. b3 b6
9. Bb2 Bb7 10. cxd5 cxd5 11. Ne5 Qe7 12. Rc1 Na6 13. a3 Rac8 14. b4 Nb8 15. Qe2
Ne4 16. f3 Nxd2 17. Qxd2 Rfd8 18. Rxc8 Rxc8 19. Rc1 Rc7 20. f4 Qd8 21. b5 Nd7
22. Nxd7 Qxd7 23. a4 Rxc1+ 24. Qxc1 Qc8 25. Qxc8+ Bxc8 26. Bc3 Bd7 27. Kf2 h6
28. Be2 Kf7 29. h3 g6 30. g3 Kf6 31. Bd3 1/2-1/2

[Event "36. Münsterland Open"]
[Site "Münster"]
[Date "2018.10.18"]
[Round "8.1"]
[White "Holtel, Jasper"]
[Black "Hausrath, Daniel"]
[Result "0-1"]
[WhiteElo "2210"]
[BlackElo "2495"]
[PlyCount "108"]
[EventDate "2018.??.??"]
[WhiteTeam "SK Münster 32 e.V."]
[BlackTeam "SV Mülheim-Nord 1931 e"]

1. e4 c6 2. d4 d5 3. exd5 cxd5 4. c4 Nf6 5. Nc3 Nc6 6. Nf3 Be6 7. c5 g6 8. Bb5
Bg7 9. Ne5 Bd7 10. Bxc6 Bxc6 11. O-O O-O 12. Re1 Nd7 13. Bf4 a5 14. a3 Nxe5 15.
Bxe5 f6 16. Bg3 a4 17. Qe2 Rf7 18. Qe6 Bh6 19. Re2 Ra6 20. Qg4 b6 21. cxb6 Rxb6
22. Rae1 Bd7 23. Qf3 e6 24. Qd3 Qc8 25. Rc2 Qb7 26. Qe2 Rf8 27. h3 Rc8 28. Nd1
Rxc2 29. Qxc2 Qc6 30. Qe2 Qc1 31. Kh2 Qd2 32. Qxd2 Bxd2 33. Re2 Bc1 34. Rc2 Rc6
35. Rxc6 Bxc6 36. Bd6 Bb5 37. Nc3 Be8 38. Nd1 g5 39. Bb4 Bh5 40. f3 Bg6 41. Bc3
Bd3 42. g3 Bc2 43. Nf2 h5 44. Kg2 Kf7 45. h4 g4 46. f4 Be3 47. Nh1 Ke8 48. Nf2
Kd7 49. Nh1 Kc6 50. Nf2 Kb5 51. Nh1 Kc4 52. Nf2 f5 53. Nh1 Be4+ 54. Kh2 Bxh1
0-1

[Event "36. Münsterland Open"]
[Site "Münster"]
[Date "2018.10.18"]
[Round "8.2"]
[White "Knudsen, Simon"]
[Black "Zaitsev, Mikhail"]
[Result "0-1"]
[WhiteElo "2208"]
[BlackElo "2481"]
[PlyCount "76"]
[EventDate "2018.??.??"]
[WhiteTeam "Schachfreunde Brackel 1930 e.V."]
[BlackTeam "Bochumer SV 02"]

1. e4 e5 2. Nf3 d6 3. d4 exd4 4. Nxd4 Nf6 5. Nc3 Be7 6. Bf4 O-O 7. Qd2 c6 8.
O-O-O b5 9. f3 b4 10. Na4 Qa5 11. b3 Rd8 12. g4 c5 13. Nf5 Bxf5 14. gxf5 Nbd7
15. Kb1 Ne5 16. Qg2 Ne8 17. Be2 Qc7 18. Bxe5 dxe5 19. Bc4 Rd4 20. Rxd4 cxd4 21.
Rg1 Bf6 22. Qd2 a5 23. Qd3 Nd6 24. Rg2 Rb8 25. Nb2 Kf8 26. Re2 Bg5 27. h3 Bh6
28. Rg2 Qe7 29. Rg4 Be3 30. Qf1 h5 31. Rg2 Rc8 32. Bd5 Qa7 33. Qe2 Bf4 34. Qf1
Rc3 35. Na4 Re3 36. Nb2 Qc5 37. Nd1 Nb5 38. Nxe3 dxe3 0-1

[Event "36. Münsterland Open"]
[Site "Münster"]
[Date "2018.10.18"]
[Round "8.3"]
[White "Steinle, Carsten"]
[Black "Gschnitzer, Adrian"]
[Result "0-1"]
[WhiteElo "2140"]
[BlackElo "2363"]
[PlyCount "62"]
[EventDate "2018.??.??"]
[WhiteTeam "SV Ahlen 1954 e.V."]
[BlackTeam "SV 1947 Walldorf"]

1. Nf3 Nf6 2. g3 c5 3. Bg2 d5 4. O-O Nc6 5. d4 e6 6. b3 Be7 7. Bb2 O-O 8. Nbd2
b6 9. c4 Bb7 10. Rc1 Rc8 11. e3 Ne4 12. Qe2 f5 13. cxd5 exd5 14. dxc5 Nxc5 15.
Rfd1 Nb4 16. Ne5 Bf6 17. Ndf3 Qe7 18. Bd4 g5 19. h3 Qg7 20. Qd2 a5 21. Bxc5
bxc5 22. Nd3 Nxd3 23. Qxd3 g4 24. Nd2 Kh8 25. h4 d4 26. Qb5 Bf3 27. Re1 dxe3
28. fxe3 Rfd8 29. Bxf3 gxf3 30. Nf1 Bxh4 31. Kf2 Rd2+ 0-1

[Event "36. Münsterland Open"]
[Site "Münster"]
[Date "2018.10.18"]
[Round "8.4"]
[White "Gallasch, Jonas"]
[Black "Schulze, Ulrich"]
[Result "1/2-1/2"]
[WhiteElo "2045"]
[BlackElo "2314"]
[PlyCount "44"]
[EventDate "2018.??.??"]
[WhiteTeam "Schachgemeinschaft Porz e.V."]
[BlackTeam "Heilbronner SV"]

1. Nf3 d6 2. d4 Bg4 3. Nbd2 Nf6 4. e4 e5 5. dxe5 dxe5 6. Bc4 Nc6 7. c3 Qd7 8.
Qe2 Bd6 9. O-O O-O 10. h3 Bh5 11. Re1 Rad8 12. Nf1 Bg6 13. Ng3 Nh5 14. Nxh5
Bxh5 15. Bg5 Be7 16. Rad1 Qc8 17. Bxe7 Rxd1 18. Rxd1 Bxf3 19. Qxf3 Nxe7 20. Qd3
Re8 21. Qf3 Rf8 22. Qd3 Re8 1/2-1/2

[Event "36. Münsterland Open"]
[Site "Münster"]
[Date "2018.10.18"]
[Round "8.5"]
[White "Kartsev, Soel"]
[Black "Schroer, Klaus"]
[Result "1/2-1/2"]
[WhiteElo "2253"]
[BlackElo "2111"]
[PlyCount "125"]
[EventDate "2018.??.??"]
[WhiteTeam "Schachfreunde Brackel 1930 e.V."]
[BlackTeam "Turnverein Borken 1922 e.V."]

1. e4 e5 2. Nf3 Nc6 3. d4 exd4 4. Nxd4 g6 5. Nxc6 bxc6 6. Qd4 Qf6 7. e5 Qe7 8.
Nd2 Bg7 9. f4 Nh6 10. Bd3 O-O 11. O-O c5 12. Qd5 Rb8 13. Ne4 d6 14. exd6 cxd6
15. Qxd6 Bd4+ 16. Kh1 Qh4 17. f5 Bxf5 18. Bg5 Qh5 19. Bxh6 Bxe4 20. Bxf8 Be5
21. Qxe5 Qxe5 22. Bxe4 Kxf8 23. Rae1 Re8 24. b3 f5 25. g4 Kg7 26. gxf5 gxf5 27.
Rxf5 Qxf5 28. Rg1+ Qg6 29. Bxg6 hxg6 30. h3 Re3 31. Kh2 Rc3 32. Rg2 Kf6 33. h4
a5 34. Kg1 Kf5 35. Kf1 c4 36. Rg5+ Kf4 37. Rxa5 Rxc2 38. Ra4 Kf3 39. Rxc4 Rxa2
40. Ke1 Ke3 41. Kd1 Kd3 42. Kc1 Rh2 43. Kb1 Rg2 44. Rc6 Kd4 45. Rc2 Rg3 46. Kb2
Kd5 47. Rc4 g5 48. hxg5 Rxg5 49. Rc8 Rg7 50. Kc3 Rb7 51. b4 Ra7 52. Rc5+ Kd6
53. Kc4 Rb7 54. Rc8 Kd7 55. Rh8 Rb6 56. Kc5 Rg6 57. Kb5 Kc7 58. Ka5 Kb7 59. Rf8
Rh6 60. b5 Rg6 61. Rf7+ Kb8 62. Rh7 Rf6 63. b6 1/2-1/2

[Event "36. Münsterland Open"]
[Site "Münster"]
[Date "2018.10.18"]
[Round "8.6"]
[White "Torres-Kuckel, Rafael"]
[Black "Kruse, Janik"]
[Result "1/2-1/2"]
[WhiteElo "2154"]
[BlackElo "2102"]
[PlyCount "70"]
[EventDate "2018.??.??"]
[WhiteTeam "Schachverein Ahlen 1954 e.V."]
[BlackTeam "LSV Turm Lippstadt"]

1. d4 d5 2. Nf3 Nf6 3. Bf4 c6 4. c3 Bf5 5. h3 e6 6. Nbd2 Bd6 7. Bxd6 Qxd6 8.
Qb3 Nbd7 9. e3 O-O 10. Be2 Ne4 11. Nxe4 Bxe4 12. O-O c5 13. c4 cxd4 14. Nxd4
dxc4 15. Bxc4 e5 16. Nb5 Qg6 17. f3 Bc2 18. Qc3 Bf5 19. Kh2 a6 20. Na3 Rac8 21.
Qd2 b5 22. Be2 Nf6 23. Rfd1 e4 24. f4 h5 25. g3 Be6 26. Nc2 Qf5 27. Bf1 h4 28.
g4 Nxg4+ 29. hxg4 Qxg4 30. Nd4 Qg3+ 31. Kh1 Bg4 32. Be2 Qh3+ 33. Kg1 Qg3+ 34.
Kh1 Qh3+ 35. Kg1 Qg3+ 1/2-1/2